| 000 | 00390nam a2200157Ia 4500 | ||
|---|---|---|---|
| 008 | 240322s2024 xx 000 0 und d | ||
| 020 | _a9789352702114 | ||
| 041 | _aeng | ||
| 082 | _a617,BHA | ||
| 100 | _aBHAT S. | ||
| 245 | _aSRB'S SURGICAL OPERATIONS TEXT & ATLAS VOL. 2/ | ||
| 250 | _a2 | ||
| 260 |
_bJAYPEE BROTHERS MEDICAL PUB.2024 _c2024 |
||
| 562 | _e1 | ||
| 999 |
_c1151180 _d1151180 |
||
| 650 | _aSURGERY | ||